000 00255nam a2200109Ia 4500
008 220204s9999 xx 000 0 und d
082 _a801.314
_bROD
245 0 _aWord finder
260 _aPennsylvania
_bRodale
_c1976
700 _aRodale, J L
942 _cBK
999 _c24505
_d24505